000 00836nam a2200229Ia 4500
001 1301
003 GE_BSU
008 181216s||||||||xx |||||||||||||| ||und||
020 _a9992896906
040 _cGE_BSU
080 _a631.4
100 _aფალავანდიშვილი, შაქრო.
245 _aაჭარის ნიადაგების გეოგრაფია და მათი აგროსაწარმო გამოყენება.
245 _cრედ: ოთარ, ღორჯომელაძე
260 _aბათუმი
260 _bბათუმის უნივერსიტეტი.
260 _c2003
300 _a202 გვ. 20 სმ.
541 _h6 ლ.
653 _aნიადაგების გეოგრაფია
942 _cBK
999 _c35443
_d35443